Loading...
| History - World | 1 | 6 | 0 | 0 | 75 | 53 | 81.43 | 1 | 5 | 19.79 | 37.50 |
| Fine Arts - Other | 2 | 4 | 2 | 0 | 60 | 37 | 85.67 | 5 | 5 | 20.36 | 45.83 |
| History - European | 3 | 1 | 1 | 0 | 50 | 51 | 57.00 | 2 | 3 | 17.92 | 28.13 |
| History - American | 0 | 4 | 0 | 0 | 40 | 75 | 87.00 | 2 | 3 | 10.40 | 28.13 |
| Literature - European | 2 | 1 | 0 | 0 | 40 | 22 | 60.33 | 2 | 3 | 13.90 | 22.92 |
| Fine Arts - Auditory | 2 | 1 | 1 | 0 | 35 | 27 | 55.33 | 2 | 3 | 14.63 | 23.96 |
| Fine Arts - Visual | 2 | 1 | 2 | 0 | 30 | 29 | 58.33 | 3 | 3 | 14.62 | 25.00 |
| Social Science | 1 | 1 | 0 | 0 | 25 | 59 | 78.50 | 1 | 2 | 7.13 | 17.05 |
| History - Other | 0 | 2 | 1 | 1 | 15 | 90 | 105.00 | 0 | 0 | 2.90 | 5.68 |
| Literature - American | 0 | 1 | 0 | 0 | 10 | 105 | 105.00 | 0 | 1 | 2.65 | 6.25 |
| Mythology | 0 | 1 | 0 | 0 | 10 | 86 | 86.00 | 0 | 0 | 2.93 | 5.68 |
| Religion | 0 | 1 | 0 | 0 | 10 | 100 | 100.00 | 0 | 1 | 4.07 | 13.64 |
| Religion- | 0 | 1 | 0 | 0 | 10 | 108 | 108.00 | 0 | 1 | 4.07 | 13.64 |
| Science - Biology | 0 | 1 | 0 | 0 | 10 | 77 | 77.00 | 0 | 1 | 3.36 | 7.29 |